000 00751nam a2200205Ia 4500
003 GCL
008 140319s9999 xx 000 0 ara d
040 _aGCL /
_cGCL
082 0 4 _aق
_b332.46
_bح غ
100 1 _aحمدى عبدالعظيم
245 1 0 _aغسيل الاموال فى مصر والعالم :
_b( الجريمة البيضاء - أبعادها - آثارها - كيفية مكافحتها ) /
_cحمدى عبدالعظيم
250 _aالثالثة
260 _aالقاهرة :
_bالدار الجامعية ،
_c2007
300 _a460 ص ؛
_c24 سم
650 0 4 _aجرائم الاموال
650 0 4 _aغسيل الاموال
650 0 4 _aالغش والتدليس
650 0 4 _aجرائم الغش
942 _2ddc
_cBK
999 _c9275
_d9275